| 000 | 00361pam a2200145 a 4500 | ||
|---|---|---|---|
| 020 | _c | ||
| 041 | _h | ||
| 082 |
_a750 _bHAR |
||
| 100 | _aNathaniel Harris. | ||
| 245 |
_aThe Life and Works of M. Chagall _bThe Life and Works of M. Chagall _hTextual Documents |
||
| 250 | _a1994. | ||
| 260 |
_aAmerica _bParragon Book |
||
| 300 |
_a79: _bHard. |
||
| 930 | _a2870 | ||
| 999 |
_c236660 _d236660 |
||